ბათუმის შოთა რუსთაველის სახელმწიფო უნივერსიტეტის ბიბლიოთეკა

Страховое право : (ბიბ.ჩანაწერი № 36133)

000 -LEADER
fixed length control field 01075nam a2200253Ia 4500
001 - CONTROL NUMBER
control field 2033
003 - CONTROL NUMBER IDENTIFIER
control field GE_BSU
005 - DATE AND TIME OF LATEST TRANSACTION
control field 20221007165540.0
008 - FIXED-LENGTH DATA ELEMENTS--GENERAL INFORMATION
fixed length control field 181216s2007ru xx |||||||||||||| ||rus||
040 ## - CATALOGING SOURCE
Transcribing agency GE_BSU
041 ## - LANGUAGE CODE
Language code of text/sound track or separate title rus
080 ## - UNIVERSAL DECIMAL CLASSIFICATION NUMBER
Universal Decimal Classification number 349.3(470)(075.8):368(470)(075.8) С-83
245 ## - TITLE STATEMENT
Title Страховое право :
Remainder of title Учебник. для студ.вузов.по спец."Юриспруденция" /
Statement of responsibility, etc. Под.ред.В.В.Шахова, В.Н.Григорьева, А.П.Архипова.
250 ## - EDITION STATEMENT
Edition statement 2-е изд. доп. и перераб
264 ## - PRODUCTION, PUBLICATION, DISTRIBUTION, MANUFACTURE, AND COPYRIGHT NOTICE
Place of production, publication, distribution, manufacture Москва :
Name of producer, publisher, distributor, manufacturer Юнити.Закон и право,
Date of production, publication, distribution, manufacture, or copyright notice 2007.
300 ## - PHYSICAL DESCRIPTION
Extent 335 стр.:
Other physical details 21см.
653 ## - INDEX TERM--UNCONTROLLED
keyword Страховое право
653 ## - INDEX TERM--UNCONTROLLED
keyword დაზღვევის კანონი
653 ## - INDEX TERM--UNCONTROLLED
keyword სამართალი
700 ## - ADDED ENTRY--PERSONAL NAME
Personal name Шахова, В.В
Relator term რედაქტორი
9 (RLIN) 15162
700 ## - ADDED ENTRY--PERSONAL NAME
Personal name Григорьева, В.Н.
Relator term რედაქტორი
9 (RLIN) 15163
700 ## - ADDED ENTRY--PERSONAL NAME
Personal name Архипова, А.П.
Relator term რედაქტორი
9 (RLIN) 15164
942 ## - ADDED ENTRY ELEMENTS (KOHA)
Koha item type წიგნი
Source of classification or shelving scheme
ეგზემპლარები
Withdrawn status Lost status Source of classification or shelving scheme Damaged status Not for loan Permanent Location Current Location Shelving location Date acquired Cost, normal purchase price Full call number Barcode Date last seen Copy number Price effective from Koha item type Public note
          ბათუმის შოთა რუსთაველის სახელმწიფო უნივერსიტეტის მთავარი ბიბლიოთეკა ბათუმის შოთა რუსთაველის სახელმწიფო უნივერსიტეტის მთავარი ბიბლიოთეკა წიგნსაცავი 2018-12-17 12.00 349.3(470)(075.8):368(470)(075.8) С-83 3904 2018-12-17 3904 2018-12-17 წიგნი 12.00